| 000 | 00698nam a2200217 a 4500 | ||
|---|---|---|---|
| 001 | BRCA_426 | ||
| 005 | 20190320203015.0 | ||
| 008 | 900212s1990 nyua---##b---#001-0#eng-# | ||
| 020 | _a0500235902 | ||
| 040 |
_aDLC _cDLC _dDLC |
||
| 050 | 4 |
_aNK7309.8 _b.M38 1990 |
|
| 245 | 1 | 0 |
_aThe master jewelers _cedited by A. Kenneth Snowman. |
| 260 |
_aLondres _bThames and Hudson _c1990 |
||
| 300 |
_a262 p. _bil. (algunas a color) _c31 cm. |
||
| 500 | _aAlgunos capítulos traducidos del francés | ||
| 504 | _aBibliografía : p. 255-258 | ||
| 650 | 1 | 4 |
_aJoyeros europeos _xHistoria _ySiglo XIX-XX _91452 |
| 653 | 0 | _aJoyería | |
| 700 | 1 |
_aSnowman, A. Kenneth _d1919- _q(Abraham Kenneth) _91453 |
|
| 942 |
_2lcc _cB |
||
| 999 |
_c361 _d361 |
||